Principles of Management (Record no. 60383)
[ view plain ]
| 000 -LEADER | |
|---|---|
| fixed length control field | 00480nam a22001817a 4500 |
| 005 - DATE & TIME | |
| control field | 20260218150259.0 |
| 008 - FIXED-LENGTH DATA ELEMENTS--GENERAL INFORMATION | |
| fixed length control field | 260218b |||||||| |||| 00| 0 eng d |
| 020 ## - ISBN | |
| International Standard Book Number | 9788121924580 |
| Price | 600.00 |
| 040 ## - CATALOGING SOURCE | |
| Original cataloging agency | Doon University |
| 041 ## - Language | |
| Language | English |
| 082 ## - DDC NUMBER | |
| Classification number | 658 |
| Book Number | GUP |
| 100 ## - MAIN ENTRY--PERSONAL NAME | |
| Personal name | Gupta, R.N. |
| 245 ## - TITLE STATEMENT | |
| Title | Principles of Management |
| Sub Title | : A Simplified Textbook of Management Studies |
| 260 ## - PUBLICATION, DISTRIBUTION, ETC. (IMPRINT) | |
| Place of publication, distribution, etc | New Delhi |
| Name of publisher, distributor, etc | S. Chand |
| Date of publication, distribution, etc | 2026 |
| 300 ## - PHYSICAL DESCRIPTION | |
| Pages | 436 |
| 650 ## - Subject | |
| Subject | Management |
| 942 ## - ADDED ENTRY ELEMENTS (KOHA) | |
| Koha item type | Books |
| 100 ## - MAIN ENTRY--PERSONAL NAME | |
| -- | 26329 |
| 952 ## - LOCATION AND ITEM INFORMATION (KOHA) | |
| -- | 2026-02-18 |
| 952 ## - LOCATION AND ITEM INFORMATION (KOHA) | |
| -- | 2026-02-18 |
| 952 ## - LOCATION AND ITEM INFORMATION (KOHA) | |
| -- | 2026-02-18 |
| 952 ## - LOCATION AND ITEM INFORMATION (KOHA) | |
| -- | 2026-03-06 |
| 952 ## - LOCATION AND ITEM INFORMATION (KOHA) | |
| -- | 2026-03-06 |
| 952 ## - LOCATION AND ITEM INFORMATION (KOHA) | |
| -- | 2026-03-06 |
| Withdrawn status | Lost status | Source of classification or shelving scheme | Damaged status | Not for loan | Location (home branch) | Sublocation or collection (holding branch) | Date acquired | Koha issues (times borrowed) | Koha full call number | Accession No. | Koha date last seen | Koha item type |
|---|---|---|---|---|---|---|---|---|---|---|---|---|
| Doon University | Doon University | 18.02.2026 | 658 GUP | 52830 | 18.02.2026 | Books | ||||||
| Doon University | Doon University | 18.02.2026 | 658 GUP | 52831 | 18.02.2026 | Books | ||||||
| Doon University | Doon University | 18.02.2026 | 658 GUP | 52832 | 18.02.2026 | Books | ||||||
| Not For Loan | Doon University | Doon University | 06.03.2026 | 658 GUP | 53320 | 06.03.2026 | Reference | |||||
| Doon University | Doon University | 06.03.2026 | 658 GUP | 53321 | 06.03.2026 | Books | ||||||
| Doon University | Doon University | 06.03.2026 | 658 GUP | 53322 | 06.03.2026 | Books |